[Event "SVK-ch U08"]
[Site "Tatralandia"]
[Date "2024.04.10"]
[Round "7"]
[White "Mendel, Marko"]
[Black "Kurnavka, Juraj"]
[Result "1-0"]
[WhiteElo "1107"]
[BlackElo "1000"]
[PlyCount "91"]
[EventDate "2024.04.05"]
[EventType "swiss"]
[EventRounds "9"]
[EventCountry "SVK"]
[SourceTitle "CB16_2024"]
[SourceDate "2024.04.17"]
[SourceVersion "1"]
[SourceVersionDate "2024.04.17"]
[SourceQuality "1"]

1. e4 e5 2. Nf3 Nc6 3. Bc4 Bc5 4. Nc3 h6 5. 0-0 Nf6 6. d3 0-0 7. Be3 Bd4 8. Bxd4 exd4 9. Ne2 d5 10. exd5 Nxd5 11. Nfxd4 Nxd4 12. Nxd4 b6 13. Qf3 Be6 14. Nxe6 fxe6 15. Qg4 Qf6 16. Rfe1 Qxf2+ 17. Kh1 Ne3 18. Qxe6+ Kh7 19. Qxe3 Qxe3 20. Rxe3 Rae8 21. Rxe8 Rxe8 22. d4 Kh8 23. Bd3 a5 24. Rf1 c5 25. dxc5 bxc5 26. h3 g5 27. Rf5 Re1+ 28. Kh2 Rb1 29. b3 Ra1 30. a4 Re1 31. Rxc5 h5 32. Rxg5 h4 33. Rxa5 Re3 34. Rh5+ Kg7 35. Rxh4 Kf6 36. b4 Kg5 37. Rg4+ Kh6 38. b5 Re6 39. a5 Re5 40. a6 Rg5 41. a7 Rxg4 42. a8Q Rg5 43. Qa7 Rg7 44. b6 Rxa7 45. bxa7 Kg7 46. a8Q 1-0

[Event "SVK-ch U08"]
[Site "Tatralandia"]
[Date "2024.04.07"]
[Round "3"]
[White "Mendel, Marko"]
[Black "Hornacek, Tomas"]
[Result "0-1"]
[WhiteElo "1107"]
[BlackElo "1422"]
[PlyCount "70"]
[EventDate "2024.04.05"]
[EventType "swiss"]
[EventRounds "9"]
[EventCountry "SVK"]
[SourceTitle "CB16_2024"]
[SourceDate "2024.04.17"]
[SourceVersion "1"]
[SourceVersionDate "2024.04.17"]
[SourceQuality "1"]

1. e4 c5 2. Nf3 e6 3. c3 d6 4. Be2 Nf6 5. 0-0 Be7 6. d3 0-0 7. Be3 Qc7 8. Nbd2 b6 9. Qc2 Bb7 10. Nb3 Nbd7 11. Rad1 Rad8 12. Nfd2 d5 13. exd5 Nxd5 14. a3 Nxe3 15. fxe3 Bg5 16. e4 Ba6 17. c4 Qd6 18. Nf3 Bf6 19. d4 cxd4 20. Nfxd4 Nc5 21. Nxc5 Qxc5 22. b4 Bxd4+ 23. Kh1 Qe7 24. Rf3 e5 25. Qa4 Bc8 26. Rg3 Bf2 27. Rf3 Bh4 28. Rdf1 Bg4 29. Re3 Bg5 30. Rff3 Bxe3 31. Rxe3 Bxe2 32. Rxe2 Qd7 33. Qxd7 Rxd7 34. h3 Rd3 35. a4 Rd4 0-1